American Colleges by Saying - Statistics

General Stats
  • This quiz has been taken 26 times
  • The average score is 7 of 20
Answer Stats
Phrase/Saying University % Correct
Roll Tide University of Alabama
65%
Boiler Up Purdue
61%
War Eagle Auburn
52%
WE ARE Penn State
52%
Go Blue University of Michigan
52%
Boomer Sooner University of Oklahoma
52%
Fear the Tree Stanford
48%
Gig ‘Em Texas A&M
48%
Hook ‘Em University of Texas
43%
Hoya Saxa Georgetown
39%
Rocky Top University of Tennessee
39%
Woo Pig Sooie University of Arkansas
35%
Sic ‘Em Baylor
26%
Hotty Toddy Ole Miss
26%
Rock Chalk University of Kansas
26%
Wahoowa University of Virginia
26%
Fight On University of Southern California
22%
Wreck ‘Em Texas Tech
17%
Ski U Mah University of Minnesota
9%
Bear Down University of Arizona
4%
No matching quizzes found
Score Distribution
Percent of People with Each Score
Percentile by Number Answered
Your Score History
You have not taken this quiz